| 000 | 00467nam a2200181Ia 4500 | ||
|---|---|---|---|
| 001 | 23761 | ||
| 005 | 20260414150959.0 | ||
| 008 | 260414t1983||||xx |||||||||||||| ||spa|| | ||
| 041 | _aESP | ||
| 082 |
_a708.946 _bM26 |
||
| 100 |
_aMartínez Tamuxe, Xoan _eAUT |
||
| 245 | 0 |
_aCitania y museo arqueologico de Santa Tecla : _bSociedad pro-monte |
|
| 260 | _c1983 | ||
| 300 |
_a178 páginas : _c21 cm. |
||
| 650 | _aABD | ||
| 654 | _aCAU | ||
| 942 |
_cLIB _dJUS _fJUS _2ddc _n |
||
| 999 |
_c23761 _d23761 |
||